Shaitan / (Record no. 3037)
[ view plain ]
| 000 -LEADER | |
|---|---|
| fixed length control field | 00396cam a2200181ua 4500 |
| 041 ## - LANGUAGE CODE | |
| Language code of text/sound track or separate title | hin |
| 082 ## - DEWEY DECIMAL CLASSIFICATION NUMBER | |
| Classification number | 891.41 |
| Item number | SAH/SH |
| 100 ## - MAIN ENTRY--AUTHOR NAME | |
| Personal name | Sha, Bernard . |
| 245 ## - TITLE STATEMENT | |
| Title | Shaitan / |
| 250 ## - EDITION STATEMENT | |
| Edition statement | 1 / |
| 260 ## - PUBLICATION, DISTRIBUTION, ETC. (IMPRINT) | |
| Place of publication | : |
| Name of publisher | Rajpal and Sanch , |
| Year of publication | 1961. |
| 300 ## - PHYSICAL DESCRIPTION | |
| Number of Pages | 152 ; . |
| 942 ## - ADDED ENTRY ELEMENTS (KOHA) | |
| Koha item type | Books |
| Withdrawn status | Lost status | Damaged status | Home library | Current library | Date acquired | Full call number | Accession Number | Koha item type | Public note |
|---|---|---|---|---|---|---|---|---|---|
| Withdrawn | KAUAET | Sanskrit University | 07/04/2012 | 891.41 | 6392 | Books | Transferred to Sanskrit University |
